[Event "Canadian Open"]
[Site "Ottawa CAN"]
[Date "2007.07.08"]
[Round "3"]
[White "O'Donnell,T"]
[Black "Davies,A"]
[Result "1-0"]
[WhiteElo "2367"]
[BlackElo "2187"]

1.Nf3 Nf6 2.c4 g6 3.Nc3 Bg7 4.d4 O-O 5.e4 d6 6.Be2 e5 7.O-O exd4 8.Nxd4 Nc6
9.Be3 Re8 10.f3 Nh5 11.f4 Nf6 12.Nxc6 bxc6 13.Bf3 Rb8 14.Rf2 c5 15.Qd3 Bg4
16.Kh1 Bxf3 17.gxf3 Nh5 18.Rg1 Qh4 19.Rg4 Qh3 20.Ne2 Nf6 21.Ng1 Qh5 22.Rg3 Qh4
23.Rh3 Qxf2 24.Bxf2 Rxb2 25.Be3 Rxa2 26.Rg3 Ra1 27.Qb3 Nh5 28.Rg2 Bh6 29.f5 Bg7
30.fxg6 hxg6 31.Rc2 Be5 32.Rc1 Rxc1 33.Bxc1 a5 34.Ne2 Ng7 35.Bd2 Ne6 36.Bxa5 Kg7
37.Bc3 Nd4 38.Bxd4 cxd4 39.Kg2 c5 40.Nc1 Rh8 41.h3 Rh5 42.Ne2 Rg5+ 43.Kf2 Rh5
44.f4 Bf6 45.Kg2 Rh8 46.Nc1 Re8 47.Qb7 g5 48.Nd3 gxf4 49.Nxf4 Be5 50.Nd3 Bf6
51.Qd5 Rd8 52.Kg3 Rb8 53.e5 dxe5 54.Nxe5 Rb3+ 55.Kg4 Bxe5 56.Qxe5+ f6 57.Qxc5 d3
58.Kf5 d2 59.Qe7+  1-0

[Event "XIII Jorge Alvarez Mem"]
[Site "El Ejido ESP"]
[Date "2007.07.09"]
[Round "1"]
[White "Barria,D"]
[Black "Barranco Cara,F"]
[Result "1-0"]
[WhiteElo "2451"]
[BlackElo "1887"]

1.d4 Nf6 2.c4 g6 3.Nc3 Bg7 4.e4 d6 5.Nf3 O-O 6.Be2 Nbd7 7.O-O e5 8.Re1 c6
9.Bf1 h6 10.Rb1 a5 11.a3 Nh7 12.d5 c5 13.Nb5 Qe7 14.g3 Ndf6 15.Bg2 Ne8 16.Bd2 f5
17.Nh4 Qf7 18.exf5 gxf5 19.f4 Bd7 20.Nxd6 Nxd6 21.fxe5 Bxe5 22.Rxe5 Nxc4
23.Re1 Nxd2 24.Qxd2 Ng5 25.d6 Ne4 26.Qxh6 Qf6 27.Qxf6 Rxf6 28.Nxf5 Bxf5 29.Bxe4 Bxe4
30.Rxe4 Rxd6 31.Rbe1 Rd2 32.R1e2 Rad8 33.Re8+ Rxe8 34.Rxd2 Re7 35.Kf2 Kf7
36.Kf3 b5 37.h4 c4 38.Rd5 Rc7 39.Rxb5 c3 40.bxc3 Rxc3+ 41.Kf4 Rxa3 42.g4 Ra1
43.Rb7+ Kf8 44.Kf5 a4 45.Ra7 a3 46.g5 a2 47.Kg6  1-0

[Event "Kaupthing Open"]
[Site "Differdange LUX"]
[Date "2007.07.10"]
[Round "5"]
[White "Lagerman,R"]
[Black "Gretarsson,Hj"]
[Result "1/2-1/2"]
[WhiteElo "2315"]
[BlackElo "2168"]

1.d4 Nf6 2.c4 g6 3.Nc3 Bg7 4.e4 d6 5.Nf3 O-O 6.Be2 e5 7.dxe5 dxe5 8.Qxd8 Rxd8
9.Bg5 c6 10.O-O Bg4  1/2-1/2

[Event "Canadian Open"]
[Site "Ottawa CAN"]
[Date "2007.07.10"]
[Round "5"]
[White "Atalik,E"]
[Black "Shomoev,A"]
[Result "1/2-1/2"]
[WhiteElo "2400"]
[BlackElo "2561"]

1.d4 Nf6 2.c4 g6 3.Nc3 Bg7 4.e4 d6 5.Nf3 O-O 6.Be2 e5 7.Be3 c6 8.O-O exd4
9.Nxd4 Re8 10.f3 d5 11.cxd5 Nxd5 12.Nxd5 cxd5 13.Bf2 dxe4 14.fxe4 Nc6 15.Nxc6 bxc6
16.Qxd8 Rxd8 17.Rad1 Be6 18.b3 a5 19.Rxd8+ Rxd8 20.Rd1 Ra8 21.Bb6 Bf6 22.Bc4 Bxc4
23.bxc4 Re8 24.Rd6 Kg7 25.Rxc6 a4 26.c5 Rxe4 27.Rc8 Rb4 28.Ra8 Rc4 29.Kf2 Bd4+
30.Ke2 Bxc5 31.Bxc5 Rxc5 32.Rxa4 Rc2+ 33.Kf3 Rc3+ 34.Kf2 Rc2+ 35.Kf3 Rc3+
36.Kf2  1/2-1/2

[Event "FSGM July"]
[Site "Budapest HUN"]
[Date "2007.07.11"]
[Round "5"]
[White "Hammes,M"]
[Black "Ilincic,Z"]
[Result "1/2-1/2"]
[WhiteElo "2390"]
[BlackElo "2509"]

1.d4 Nf6 2.c4 g6 3.Nc3 Bg7 4.e4 d6 5.Be2 O-O 6.Nf3 e5 7.O-O Nh5 8.Bg5 f6
9.Be3 Nc6 10.c5 Nf4 11.Bc4+ Kh8 12.cxd6 cxd6 13.Bxf4 exf4 14.Bd5 g5 15.Bxc6 bxc6
16.Re1 Rb8 17.b3 f5 18.e5 g4 19.Nd2 dxe5 20.dxe5 Qd4 21.Rc1 Bxe5 22.Na4 f3
23.g3 Bg7 24.Nc4 Ba6 25.Qxd4 Bxd4 26.Ne5 Bxe5 27.Rxe5 Rbe8 28.Ra5 Bb5 29.Rxa7 Re5
30.Rd7 c5 31.Rdd1 Bxa4 32.bxa4 Ra8 33.Rc4 Ra5 34.h3 h5 35.Rb1 Re4 36.Rxe4 fxe4
37.Rb5 Rxa4 38.Rxc5 Rxa2 39.Rxh5+ Kg7 40.Re5 Ra1+ 41.Kh2 Rf1 42.Rxe4 Rxf2+
43.Kg1 Rg2+ 44.Kf1 gxh3 45.Rg4+ Kf6 46.Rf4+ Kg5 47.Rxf3 Kg4 48.Ra3 Rb2 49.Kg1 h2+
50.Kh1 Kh3 51.g4+ Kxg4 52.Rc3  1/2-1/2

[Event "XXX Open"]
[Site "Barbera del Valles ESP"]
[Date "2007.07.12"]
[Round "7"]
[White "Narciso Dublan,M"]
[Black "Nijboer,F"]
[Result "1/2-1/2"]
[WhiteElo "2552"]
[BlackElo "2568"]

1.d4 Nf6 2.c4 g6 3.Nc3 Bg7 4.e4 d6 5.Be2 O-O 6.Nf3 e5 7.d5 a5 8.Bg5 h6 9.Bh4 Na6
10.Nd2 Bd7 11.O-O Qe8 12.Kh1 Nh7 13.a3 h5 14.f3 Bh6 15.b3 Be3 16.Ra2 Kg7
17.Qb1 Bc5 18.Nd1 c6 19.Nb2 cxd5 20.cxd5 Nc7 21.Nd3 Bd4 22.a4 b5 23.Rc1 Ra7
24.Rac2 Na8 25.axb5 Bxb5 26.Nc4 Qb8 27.Be1 Qd8 28.Ra2 f5 29.exf5 Nf6 30.Rxa5 Rxa5
31.Bxa5 Qb8 32.Nb4 h4 33.f4 exf4 34.fxg6 Qa7 35.Nxd6 Bxe2 36.Nc6 Ng4 37.h3 Nf2+
38.Kh2 Qd7 39.Nxd4 Qxd6 40.Ne6+ Kg8 41.Rc6 Qe5 42.Bc3 Qe3 43.g7 Qg3+ 44.Kg1 Nxh3+
45.Kh1 Nf2+ 46.Kg1 Nh3+ 47.Kh1 Nf2+  1/2-1/2

[Event "XXX Open"]
[Site "Barbera del Valles ESP"]
[Date "2007.07.12"]
[Round "7"]
[White "Camarena Gimenez,R"]
[Black "Perpinya Rofes,L"]
[Result "1-0"]
[WhiteElo "2332"]
[BlackElo "2400"]

1.Nf3 Nf6 2.c4 g6 3.Nc3 Bg7 4.e4 d6 5.d4 O-O 6.Be2 Na6 7.O-O e5 8.Be3 Ng4
9.Bg5 Qe8 10.Re1 f6 11.Bh4 h5 12.h3 Nh6 13.Rc1 c6 14.c5 exd4 15.Bxa6 dxc3
16.Bc4+ Be6 17.Qb3 Bxc4 18.Qxc4+ Qf7 19.Rxc3 Qxc4 20.Rxc4 dxc5 21.Rxc5 Nf7
22.Rcc1 Rfe8 23.Rcd1 Rad8 24.Rxd8 Nxd8 25.Rd1 Ne6 26.b4 a5 27.bxa5 Ra8 28.Rd6 Nc5
29.Bxf6 Nxe4 30.Rd8+ Rxd8 31.Bxd8 Nc3 32.Nd2 Nxa2 33.Ne4 Bf8 34.Bb6 Nc1 35.Nf6+ Kf7
36.Nd7 Bb4 37.Ne5+ Kf6 38.Nxc6 Bd6 39.Nd8 Ke7 40.Nxb7 Ba3 41.a6  1-0

[Event "Inautomarket Open"]
[Site "Minsk BLR"]
[Date "2007.07.12"]
[Round "3"]
[White "Tunik,G"]
[Black "Khismatullin,D"]
[Result "0-1"]
[WhiteElo "2450"]
[BlackElo "2566"]

1.d4 Nf6 2.c4 g6 3.Nc3 Bg7 4.e4 O-O 5.Nf3 d6 6.Be2 e5 7.O-O Qe8 8.dxe5 dxe5
9.Nd5 Na6 10.Nxf6+ Bxf6 11.Be3 Qe7 12.a3 b6 13.Qc2 Bb7 14.Rfd1 Rfd8 15.Rac1 Nc5
16.Bxc5 Qxc5 17.b4 Qc6 18.Rd5 Qe6 19.Rxd8+ Rxd8 20.h3 Kg7 21.Qb1 Qc6 22.Bd3 Qa4
23.c5 Qxa3 24.c6 Bc8 25.Bc4 a6 26.Rc2 a5 27.bxa5 Qxa5 28.Qb3 Rf8 29.Bd5 h5
30.Ra2 Qc5 31.Qa3 Qxa3 32.Rxa3 Be6 33.Bxe6 fxe6 34.Ra7 Rc8 35.Nd2 Be7 36.Nc4 Kf6
37.Kf1 b5 38.Nd2 Bc5 39.Ra2 Ke7 40.Nb3 Bb6 41.Nc1 Kd6 42.Nd3 Bd4 43.Ra6 Rb8
44.Ke2 b4 45.Kd2 b3 46.Kc1 b2+ 47.Kb1 Rb3 48.Ne1 Bxf2 49.Nf3 Rb4 50.Ng5 Bd4
51.Nf3 Rc4  0-1

[Event "XXII Tadeusz Gniota Mem"]
[Site "Police POL"]
[Date "2007.07.12"]
[Round "2"]
[White "Krivonosov,O"]
[Black "Maes,W"]
[Result "1/2-1/2"]
[WhiteElo "2435"]
[BlackElo "2319"]

1.Nf3 Nf6 2.c4 g6 3.Nc3 Bg7 4.e4 d6 5.d4 O-O 6.Be2 e5 7.dxe5 dxe5 8.Qxd8 Rxd8
9.Bg5 Re8 10.Nd5 Nxd5 11.cxd5 c6 12.Bc4 cxd5 13.Bxd5 Nd7 14.Nd2 Nc5 15.O-O-O Be6
16.Bxe6 Nxe6 17.Be3 Nf4 18.Bxf4 exf4 19.f3 f5 20.Rhe1 Rac8+ 21.Kb1 fxe4 22.Nxe4 Rcd8
23.Rxd8 Rxd8 24.Rc1 h6 25.a3 Rd7 26.Rc8+ Kf7 27.Kc2 Be5 28.a4 b6 29.Rc6 Rd8
30.h3 Rd7 31.b3 Rd8 32.Nf2 Rd7 33.Ng4 Bg7 34.Rc4 g5 35.Rc6 Re7 36.Kd2 Rd7+
37.Ke2 Re7+ 38.Kd2 Rd7+ 39.Kc2 Re7 40.Rd6 Re2+ 41.Rd2 Rxd2+ 42.Kxd2 Ke6 43.Kd3 Kd5
44.Nf2 Bf6 45.Ne4 Bg7 46.Nd2 Bf6 47.Nc4 Be7 48.Nd2 Bf6 49.Ne4 Bg7 50.Nd2 Bf6  1/2-1/2

[Event "WGM"]
[Site "Bad Homburg GER"]
[Date "2007.07.13"]
[Round "7"]
[White "Mader,Ma"]
[Black "Kachiani,K"]
[Result "1/2-1/2"]
[WhiteElo "2204"]
[BlackElo "2405"]

1.Nf3 Nf6 2.c4 g6 3.Nc3 Bg7 4.e4 d6 5.d4 O-O 6.Be2 e5 7.Be3 Ng4 8.Bg5 f6
9.Bc1 exd4 10.Nxd4 f5 11.h3 Nh6 12.Bxh6 Bxh6 13.exf5 gxf5 14.O-O c6 15.Qd3 Na6
16.Rad1 Nc5 17.Qf3 a5 18.Rfe1 Qf6 19.Nb3 a4 20.Nxc5 dxc5 21.Qd3 Bg7 22.a3 f4
23.Bf3 Bf5 24.Be4 Rad8 25.Qf3 Rd4 26.Rxd4 cxd4 27.Nxa4 Bxe4 28.Qxe4 f3 29.g3 Qh6
30.h4 Qg6 31.Nc5 Qxe4 32.Rxe4 b5 33.cxb5 cxb5 34.b4 Ra8 35.Ne6 Re8 36.Nc5 Ra8
37.Ne6 Re8  1/2-1/2

[Event "Kaupthing Open"]
[Site "Differdange LUX"]
[Date "2007.07.13"]
[Round "8"]
[White "Brittner,S"]
[Black "Barthel,A"]
[Result "0-1"]
[WhiteElo "2294"]
[BlackElo "2182"]

1.d4 Nf6 2.c4 g6 3.Nc3 Bg7 4.e4 d6 5.Nf3 O-O 6.Be2 e5 7.Be3 Na6 8.O-O Ng4
9.Bg5 Qe8 10.dxe5 dxe5 11.c5 Nxc5 12.Nd5 Ne6 13.Be7 c6 14.Bxf8 Qxf8 15.Nc3 h5
16.h3 Nh6 17.Bc4 Qe7 18.Qd2 f6 19.Nd5 Qd8 20.Ne3 Qe7 21.Rfd1 Nf7 22.a3 Kh7
23.b4 Nfg5 24.Nxg5+ Nxg5 25.Qd8 Bf8 26.f3 Kg7 27.h4 Nf7 28.Qxe7 Bxe7 29.Bxf7 Kxf7
30.Nc4 Ke6 31.Na5 f5 32.g3 f4 33.Kg2 fxg3 34.Kxg3 g5 35.hxg5 Bxg5 36.Rd3 Ke7
37.Rg1 Be6 38.Kf2 Rg8 39.Nxb7 Bh4+ 40.Kf1 Bh3+  0-1

[Event "Open A"]
[Site "Oberwart AUT"]
[Date "2007.07.13"]
[Round "7"]
[White "Ermenkov,Evgenij"]
[Black "Kovalev,An"]
[Result "0-1"]
[WhiteElo "2499"]
[BlackElo "2529"]

1.d4 Nf6 2.c4 g6 3.Nc3 Bg7 4.e4 d6 5.Nf3 O-O 6.Be2 Nbd7 7.O-O e5 8.Be3 c6
9.d5 c5 10.Ne1 Kh8 11.Qd2 Ng8 12.Nd3 f5 13.exf5 gxf5 14.f4 e4 15.Nf2 Ndf6
16.Kh1 Nh6 17.h3 Rg8 18.Rg1 Nfg4 19.Nxg4 fxg4 20.Nxe4 Qe7 21.Bd3 gxh3 22.Ng5 hxg2+
23.Rxg2 Bf5 24.Rag1 Bf6 25.Bf2 Rg6 26.Qc2 Qd7 27.Rh2 Bxd3 28.Qxd3 Rag8 29.Be1 R8g7
30.Bc3 Bxc3 31.Qxc3 Kg8 32.Re1 Ng4 33.Rhe2 Rh6+ 34.Kg1 Ne5 35.Rg2 Qf5 36.Qe3 Rhg6
37.Ree2 h6 38.b3 Qb1+ 39.Kf2 Nf7 40.Rg1 Qf5 41.Nf3 Rxg1 42.Nxg1 Ne5 43.Kf1 Qb1+
44.Re1 Qf5 45.Re2 Qb1+ 46.Re1 Qxa2 47.Ne2 Ng4 48.Qc3 Re7 49.Qh3 Nf6 50.Qxh6 Qb2
51.Ng3 Rg7 52.Ne2 Qxb3 53.Ra1 Qf3+ 54.Ke1 Rg2 55.Qg5+ Rxg5 56.fxg5 Qh1+  0-1

[Event "Open A"]
[Site "Oberwart AUT"]
[Date "2007.07.13"]
[Round "7"]
[White "Kovacs,Ga2"]
[Black "Jakubiec,A"]
[Result "1/2-1/2"]
[WhiteElo "2478"]
[BlackElo "2541"]

1.d4 Nf6 2.c4 g6 3.Nc3 Bg7 4.e4 d6 5.Nf3 O-O 6.Be2 Na6 7.O-O e5 8.Be3 Ng4
9.Bg5 Qe8 10.dxe5 dxe5 11.h3 f6 12.Bd2 Nh6 13.c5 c6 14.Bxa6 bxa6 15.Bxh6 Bxh6
16.Qa4 Rb8  1/2-1/2

[Event "Open"]
[Site "Banska Stiavnica SVK"]
[Date "2007.07.14"]
[Round "8"]
[White "Kiss,Pa"]
[Black "Mikita,J"]
[Result "1-0"]
[WhiteElo "2413"]
[BlackElo "2337"]

1.d4 Nf6 2.c4 g6 3.Nc3 Bg7 4.e4 d6 5.Be2 O-O 6.Nf3 Na6 7.O-O e5 8.Re1 c6
9.Bf1 Bg4 10.d5 c5 11.Be2 h6 12.a3 Nh7 13.g3 Bd7 14.Nh4 Ng5 15.Nf3 Nh7 16.Nh4 h5
17.Be3 Ng5 18.Ng2 Nh3+ 19.Kh1 Nc7 20.Qd2 Ne8 21.Rf1 Nf6 22.f3 Kh7 23.Rae1 Qe7
24.Bd3 Rae8 25.Bc2 Ng8 26.Re2 Nh6 27.f4 exf4 28.gxf4 Bg4 29.Ree1 b6 30.f5 Ng8
31.e5 Bxe5 32.Ne4 Qd7 33.Ng5+ Nxg5 34.Bxg5 Kg7 35.fxg6 fxg6 36.Nh4 Ne7 37.Bh6+ Kg8
38.Bxf8 Rxf8 39.Rxf8+ Kxf8 40.Qh6+ Kg8 41.Bxg6 Nxg6 42.Qxg6+ Qg7 43.b3 Qxg6
44.Nxg6 Bf3+ 45.Kg1 Bd4+ 46.Kf1 Kf7 47.Nh4 Bg4 48.Kg2 Bf6 49.Nf3 Bf5 50.Re2 a6
51.a4 Bd7 52.Kg3 b5 53.axb5 axb5 54.Kf4 bxc4 55.bxc4 Ba4 56.Re6 Be7 57.Ng5+ Ke8
58.Ne4 Kd7 59.Nf6+ Bxf6 60.Rxf6 Bd1 61.Rh6 Be2 62.Kf5 Kc7 63.Ke6 Bxc4 64.Rxh5 Bd3
65.Rg5 c4 66.Rg7+ Kb6 67.Kxd6 c3 68.Rc7 c2 69.Rc3 Kb5 70.Ke5  1-0

[Event "XXX Open"]
[Site "Barbera del Valles ESP"]
[Date "2007.07.14"]
[Round "9"]
[White "Camarena Gimenez,R"]
[Black "Jankovic,A"]
[Result "1-0"]
[WhiteElo "2332"]
[BlackElo "2536"]

1.Nf3 Nf6 2.c4 g6 3.Nc3 Bg7 4.e4 d6 5.d4 O-O 6.Be2 Na6 7.O-O e5 8.Be3 c6
9.Re1 Qe8 10.Nd2 Ng4 11.Bxg4 exd4 12.Bxc8 Qxc8 13.Bxd4 Bxd4 14.Rc1 Qe6 15.Nb3 Bg7
16.Qe2 Rfe8 17.f3 Rad8 18.Kh1 b6 19.Nd2 f5 20.Qf1 f4 21.a3 c5 22.Qd3 Kh8
23.Qc2 Rd7 24.Nd5 Be5 25.b4 g5 26.g4 fxg3 27.Nf1 Rf7 28.Qg2 Ref8 29.Nxg3 Rxf3
30.Rf1 g4 31.b5 Nb8 32.a4 Bxg3 33.hxg3 Nd7 34.Nf4 Rxf1+ 35.Qxf1 Qxe4+ 36.Qg2 Qe3
37.Rf1 Ne5 38.Qd5 Rd8 39.Ne6 Re8 40.Nc7 Qh6+ 41.Kg1 Rf8 42.Rxf8+ Qxf8 43.Ne6 Nf3+
44.Kf2 Qf6 45.Qa8+  1-0

[Event "XXX Open"]
[Site "Barbera del Valles ESP"]
[Date "2007.07.14"]
[Round "9"]
[White "Narciso Dublan,M"]
[Black "Perpinya Rofes,L"]
[Result "1-0"]
[WhiteElo "2552"]
[BlackElo "2400"]

1.d4 Nf6 2.c4 g6 3.Nc3 Bg7 4.e4 d6 5.Be2 O-O 6.Nf3 e5 7.d5 a5 8.Bg5 h6 9.Bh4 Na6
10.Nd2 Bd7 11.O-O Qe8 12.Kh1 Nh7 13.a3 h5 14.f3 Bh6 15.b3 Be3 16.Ra2 Bc5
17.Qb1 f5 18.exf5 gxf5 19.Bf2 Kh8 20.Bxc5 Nxc5 21.b4 axb4 22.axb4 Rxa2 23.Qxa2 Na6
24.Qb2 Nf6 25.c5 dxc5 26.Bxa6 cxb4 27.Bxb7 bxc3 28.Qxc3 Qe7 29.Nc4 Qc5 30.Rc1 Re8
31.Qd2 Kh7 32.Nxe5  1-0

[Event "FSGM July"]
[Site "Budapest HUN"]
[Date "2007.07.14"]
[Round "8"]
[White "Bui Vinh"]
[Black "Ilincic,Z"]
[Result "1/2-1/2"]
[WhiteElo "2466"]
[BlackElo "2509"]

1.d4 Nf6 2.c4 g6 3.Nc3 Bg7 4.e4 d6 5.Nf3 O-O 6.Be2 e5 7.O-O Nh5 8.Bg5 f6
9.Be3 Nc6 10.c5 Nf4 11.cxd6 cxd6 12.Bxf4 exf4 13.Re1 Kh8 14.d5 Ne5 15.Qd2 Nxf3+
16.Bxf3 g5 17.h3  1/2-1/2

[Event "FSIMB July"]
[Site "Budapest HUN"]
[Date "2007.07.14"]
[Round "8"]
[White "Toth,Li"]
[Black "Ravot,S"]
[Result "1-0"]
[WhiteElo "2218"]
[BlackElo "2238"]

1.d4 Nf6 2.c4 g6 3.Nc3 Bg7 4.e4 d6 5.Nf3 O-O 6.Be2 Na6 7.O-O e5 8.Re1 c6
9.Bf1 Bg4 10.Be3 Bxf3 11.Qxf3 Ng4 12.Qxg4 exd4 13.Bg5 f6 14.Bd2 f5 15.exf5 dxc3
16.Bxc3 Bxc3 17.bxc3 Rxf5 18.Bd3 Rf6 19.Re2 Nc5 20.Bc2 Qd7 21.Qd4 Re6 22.Rd2 Qe7
23.g3 Re8 24.Kg2 Rf8 25.Rad1 Qf7 26.f4 Rfe8 27.Rf2 Qg7 28.f5 gxf5 29.Bxf5 Rf6
30.Bxh7+ Kxh7 31.Qxf6 Qxf6 32.Rxf6 Re2+ 33.Rf2 Re3 34.Rxd6 Kg7 35.g4 Rxc3
36.Rd4 a5 37.h4 Nd3 38.Re2 Kf6 39.Re3 Rc2+ 40.Kg3 Nc1 41.g5+ Kg7 42.Rd7+ Kg6
43.Rd6+ Kg7 44.h5 Ne2+ 45.Rxe2 Rxe2 46.Rd7+ Kg8 47.h6 Re1 48.Kg4 b5 49.cxb5 cxb5
50.h7+ Kh8 51.Kh5 b4 52.Kh6  1-0

[Event "Kaupthing Open"]
[Site "Differdange LUX"]
[Date "2007.07.14"]
[Round "9"]
[White "Mamedjarova,T"]
[Black "Bojkov,D"]
[Result "0-1"]
[WhiteElo "2277"]
[BlackElo "2520"]

1.d4 Nf6 2.c4 g6 3.Nc3 Bg7 4.e4 O-O 5.Nf3 d6 6.Be2 Na6 7.O-O e5 8.d5 Nc5
9.Qc2 a5 10.Be3 Nh5 11.a3 f5 12.Nd2 Nf4 13.Bf3 Nfd3 14.Bxc5 Nxc5 15.b4 Na6
16.Qb3 Bh6 17.Qb2 Bd7 18.Rad1 Qh4 19.c5 Bxd2 20.Rxd2 axb4 21.axb4 dxc5 22.d6 c6
23.Na4 fxe4 24.Be2 cxb4 25.Nb6 Rad8 26.Qxe5 Qf6 27.Qxe4 Bf5 28.Qf4 Be6 29.Qe4 Qf5
30.Qe3 Nc5 31.Rd4 b3 32.Bg4 Qf6 33.Bxe6+ Qxe6 34.Qc3 Nd7 35.Nc4 c5 36.Rd3 b5
37.Na5 c4 38.Re3 Qxd6 39.Nb7 Qf6 40.Qb4 Ra8 41.h3 Ra1 42.Rxa1 Qxa1+ 43.Kh2 b2
44.Re1 Rxf2 45.Nd8 Qa8 46.Re8+ Nf8  0-1

[Event "22nd North Sea Cup"]
[Site "Esbjerg DEN"]
[Date "2007.07.14"]
[Round "2"]
[White "Mortensen,H"]
[Black "Willumsen,H"]
[Result "0-1"]
[WhiteElo "2011"]
[BlackElo "2246"]

1.d4 Nf6 2.Nf3 g6 3.c4 Bg7 4.Nc3 O-O 5.e4 d6 6.Be2 e5 7.dxe5 dxe5 8.Qxd8 Rxd8
9.Bg5 Nbd7 10.O-O-O Rf8 11.Nd5 c6 12.Ne7+ Kh8 13.Nxc8 Raxc8 14.Nd2 Nc5 15.f3 Ne6
16.Be3 Nd4 17.Bxd4 exd4 18.c5 Nd7 19.Nb3 Rcd8 20.f4 Rfe8 21.Bf3 Bh6 22.Rxd4 Bxf4+
23.Kc2 Ne5 24.Rxd8 Rxd8 25.h3 Nc4 26.Re1 Be5 27.Re2 a5 28.a4 Nxb2 29.Nxa5 Nxa4
30.Nxb7 Rb8 31.Na5 Rb5 32.Nb3 Rb4 33.Rd2 Rc4+ 34.Kd1 Rc3 35.Ra2 Rxf3 36.gxf3 Nc3+
37.Kc2 Nxa2 38.Na5 Nb4+ 39.Kb3 Na6 40.Nxc6 Nxc5+ 41.Kc4 Nd7 42.Kd5 Bg3 43.e5 Kg7  0-1

[Event "22nd North Sea Cup"]
[Site "Esbjerg DEN"]
[Date "2007.07.15"]
[Round "5"]
[White "Hagen,Andr"]
[Black "Weindl,A"]
[Result "1-0"]
[WhiteElo "2241"]
[BlackElo "2361"]

1.Nf3 Nf6 2.c4 g6 3.Nc3 Bg7 4.e4 d6 5.d4 O-O 6.Be2 e5 7.O-O Na6 8.Be3 Ng4
9.Bg5 f6 10.Bh4 Nh6 11.d5 g5 12.Bg3 f5 13.exf5 Bxf5 14.Qd2 Nf7 15.Ne1 Qe7
16.Nc2 e4 17.Nd4 Bd7 18.Rae1 Rae8 19.Bh5 Qf6 20.Nb3 Bf5 21.a3 Qh6 22.Bxf7+ Rxf7
23.Re3 Rfe7 24.Rfe1 b6 25.Nd4 Bxd4 26.Qxd4 Nc5 27.f3 Qg7 28.Qxg7+ Kxg7 29.R1e2 a5
30.b4 axb4 31.axb4 Nd3 32.fxe4 Nxb4 33.Nb5 Bg4 34.Rb2 Na6 35.e5 Nc5 36.e6 Kg6
37.Ra3 Bf5 38.Ra7 Bd3 39.Rxc7 Bxc4 40.Bxd6 Bxb5 41.Rxe7  1-0

[Event "Open A"]
[Site "Oberwart AUT"]
[Date "2007.07.15"]
[Round "9"]
[White "Jedynak,R"]
[Black "Kovalev,An"]
[Result "1-0"]
[WhiteElo "2540"]
[BlackElo "2529"]

1.d4 Nf6 2.c4 g6 3.Nc3 Bg7 4.e4 d6 5.Nf3 O-O 6.Be2 e5 7.O-O Nbd7 8.Re1 c6
9.Bf1 Ng4 10.h3 exd4 11.Nxd4 Qb6 12.Qxg4 Bxd4 13.Qg3 Re8 14.Be3 Bxe3 15.Rxe3 Qxb2
16.Rb1 Qa3 17.Nb5 Qxa2 18.Nxd6 Qxb1 19.Nxe8 Qb4 20.e5 Qe7 21.Nc7 Nb6 22.Nxa8 Nxa8
23.e6 fxe6 24.Qb8 Nb6 25.Qxa7 Nd7 26.Qa8 Qf8 27.h4 Nc5 28.Qb8 Bd7 29.Qc7 Be8
30.Rg3 Qf7 31.Qb8 Ne4 32.Rf3 Qe7 33.Qe5 Nc5 34.Rg3 Nd7 35.Qe3 Nf6 36.Qa7 Ne4
37.Re3 Nc5 38.Re5 Na6 39.Qb6 Bf7 40.Ra5 e5 41.Qe3 c5 42.Ra1 Nb4 43.Qg5 Qd6
44.h5 Qb8 45.h6 Na6 46.Rd1  1-0

[Event "ChIP"]
[Site "Paris FRA"]
[Date "2007.07.15"]
[Round "9"]
[White "Shchekachev,A"]
[Black "Chomet,P"]
[Result "1-0"]
[WhiteElo "2541"]
[BlackElo "2353"]

1.Nf3 d6 2.d4 g6 3.c4 Bg7 4.Nc3 Nf6 5.e4 O-O 6.Be2 e5 7.Be3 Bg4 8.d5 Na6
9.h3 Bc8 10.g4 Nc5 11.Nd2 a5 12.h4 c6 13.g5 Nfd7 14.Nf3 cxd5 15.cxd5 a4 16.Nd2 f5
17.Nc4 f4 18.Bd2 Nb6 19.Na3 h6 20.gxh6 Bxh6 21.Qc2 Kh7 22.f3 Rf7 23.O-O-O Bf8
24.Rdg1 Be7 25.Kb1 Rg7 26.Be1 Kh6 27.Bf1 Bd7 28.Bh3 Bxh3 29.Rxh3 Ncd7 30.Qg2 Kh7
31.Qe2 Nf6 32.Rhh1 Nh5 33.Bf2 Rf7 34.Qb5 Ra6 35.Nc2 Qd7 36.Na3 Bd8 37.Rc1 Ng3
38.Rh2 Qe7 39.Ne2 Nxe2 40.Qxe2 Ra5 41.Be1 Ra6 42.Bb4 Qd7 43.Qb5 Kh6 44.Qf1 Na8
45.Nc4 Be7 46.Rhc2 Kh5 47.Qg2 Kh6 48.Rh1 Kh7 49.Rhc1 Rg7 50.Na3 Rg8 51.Qf1 Rb6
52.Be1 Kh6 53.Bf2 Rb4 54.Qe1 Rd4 55.Bxd4 exd4 56.Qb4 Bf6 57.Nb5 Be5 58.Nxd4 Qh3
59.Rf2 Qg3 60.Rff1 Qg2 61.Ne6 a3 62.Qxa3 Nb6 63.Qb3 Nc4 64.Rxc4 Qxf1+ 65.Rc1 Qe2
66.a3 Ra8 67.Rc7 b5 68.Ng5 Qe1+ 69.Ka2 Bg7 70.Qc3 Rxa3+ 71.Qxa3  1-0

[Event "Campeonato Continental Absolut"]
[Site "Cali COL"]
[Date "2007.07.16"]
[Round "7"]
[White "Souza Neves,A"]
[Black "Navia,E"]
[Result "0-1"]
[WhiteElo "2156"]
[BlackElo "2019"]

1.d4 Nf6 2.Nf3 g6 3.c4 Bg7 4.Nc3 O-O 5.e4 d6 6.Be2 e5 7.d5 a5 8.Bg5 h6 9.Bh4 Qe8
10.Nd2 Na6 11.O-O Bd7 12.b3 Nh7 13.f3 h5 14.a3 Bf6 15.Bf2 Bg5 16.Rb1 h4 17.b4 axb4
18.axb4 b6 19.Qc2 Nf6 20.Rfd1 Kg7 21.c5 bxc5 22.bxc5 Nxc5 23.Nb5 Bxb5 24.Bxb5 Qe7
25.Bxc5 dxc5 26.Nc4 Nh5 27.Qc3 Bf4 28.Rb2 Qg5 29.Bd7 Rfb8 30.Re1 Rxb2 31.Qxb2 Bxh2+
32.Kh1 Bf4 33.Bg4 Nf6 34.Bh3 Qg3  0-1

[Event "Campeonato Continental Absolut"]
[Site "Cali COL"]
[Date "2007.07.17"]
[Round "8"]
[White "Buitrago,J"]
[Black "Lopez,Mari2"]
[Result "1/2-1/2"]
[WhiteElo "2160"]
[BlackElo "2345"]

1.d4 Nf6 2.c4 g6 3.Nc3 Bg7 4.e4 d6 5.Nf3 O-O 6.Be2 e5 7.dxe5 dxe5 8.Qxd8 Rxd8
9.Bg5 Re8 10.O-O-O h6 11.Be3 c6 12.h3 Kh7 13.Nd2 Be6 14.c5 Nbd7 15.Bc4 Bf8
16.Bxe6 Rxe6 17.b4 b6 18.Nb3 a5 19.bxa5 bxc5 20.Nd2 Rxa5 21.Nc4 Ra6 22.Kc2 Re8
23.Rb1 Rea8 24.Rb7 R8a7 25.Rhb1 Ne8 26.f3 Nc7 27.a4 Ne6 28.a5 Nd4+ 29.Kd3 Kg7
30.Bf2 Kf6 31.Rxa7 Rxa7 32.Nb6 Ke6 33.Nc4 Bd6 34.Na4 Bc7 35.Be1 Nb5 36.Bd2 g5
37.Be1 Bd6 38.Bf2 Be7 39.Be3 h5 40.Bf2 Nd4 41.Be1 Nb5 42.Bf2 h4 43.Be3 f6
44.Bf2 Nd4 45.Be1 Bd6 46.Bd2 Bc7 47.Be1 Ke7 48.Bd2 Ke8 49.Be1 Bd8 50.Nab6 Bxb6
51.Nxb6 Nxb6 52.Rxb6 Rc7 53.Kc4 Ne6 54.Rb2 Kd8 55.Bc3 Kd7 56.Bd2 Kc8 57.Ra2 Rd7
58.Bc3 Kb7 59.Rb2+ Kc8 60.Rd2 Nd4  1/2-1/2

[Event "Heart of Finland"]
[Site "Jyvaskyla FIN"]
[Date "2007.07.17"]
[Round "3"]
[White "Malakhatko,V"]
[Black "Ristoja,J"]
[Result "1-0"]
[WhiteElo "2596"]
[BlackElo "2285"]

1.d4 Nf6 2.c4 g6 3.Nc3 Bg7 4.e4 d6 5.Nf3 O-O 6.Be2 e5 7.O-O Nbd7 8.Re1 c6
9.Bf1 Re8 10.Rb1 exd4 11.Nxd4 Nc5 12.f3 a5 13.Be3 a4 14.Qd2 Qa5 15.b4 axb3
16.axb3 Qc7 17.b4 Ncd7 18.Rbc1 Qb8 19.Kh1 Ne5 20.Bg1 Be6 21.Nxe6 fxe6 22.Rcd1 Nf7
23.Qb2 Qc7 24.Qb3 Kh8 25.g3 Re7 26.Bg2 Ree8 27.Re2 Re7 28.Rf1 Nd7 29.f4 c5
30.Nb5 Qb8 31.Rd1 cxb4 32.Qxb4 Ra6 33.e5  1-0

[Event "XXII Tadeusz Gniota Mem"]
[Site "Police POL"]
[Date "2007.07.19"]
[Round "9"]
[White "Figura,A"]
[Black "Maes,W"]
[Result "1-0"]
[WhiteElo "2413"]
[BlackElo "2319"]

1.d4 Nf6 2.c4 g6 3.Nc3 Bg7 4.e4 d6 5.Nf3 O-O 6.Be2 e5 7.O-O Na6 8.Be3 Ng4
9.Bg5 Qe8 10.Re1 h6 11.Bh4 exd4 12.Nxd4 Nf6 13.Bf1 Nh7 14.f4 Qd7 15.Qd2 Re8
16.Rad1 Nc5 17.b4 Ne6 18.Nxe6 fxe6 19.e5 b6 20.exd6 Bb7 21.Nb5 cxd6 22.Nxd6 Rf8
23.Nxb7 Qxb7 24.Rxe6 Qf7 25.Re7 Qxf4 26.Qxf4 Rxf4 27.Bg3 Rf7 28.Rxf7 Kxf7
29.c5 Nf8 30.c6 Bf6 31.c7 Ne6 32.Ba6  1-0

[Event "Campeonato Continental Absolut"]
[Site "Cali COL"]
[Date "2007.07.20"]
[Round "11"]
[White "Avalos Parra,J"]
[Black "Zapata,Alo"]
[Result "0-1"]
[WhiteElo "2267"]
[BlackElo "2504"]

1.d4 Nf6 2.Nf3 g6 3.c4 Bg7 4.Nc3 O-O 5.e4 d6 6.Be2 Nbd7 7.O-O e5 8.Be3 Ng4
9.Bg5 f6 10.Bh4 h5 11.h3 Nh6 12.dxe5 dxe5 13.Qd5+ Nf7 14.Rad1 c6 15.Qd2 Qe7
16.a3 Nc5 17.b4 Ne6 18.Rfe1 Nf4 19.Bf1 Bh6 20.Qc2 Ng5 21.Bxg5 fxg5 22.Nh2 Be6
23.Ne2 a5 24.Nxf4 Rxf4 25.Qc3 axb4 26.axb4 c5 27.Qxe5 cxb4 28.Rd6 Re8 29.c5 Kh7
30.Nf3 Rxf3 31.gxf3 Bg7 32.Qxe6 Qxe6 33.Rxe6 Rxe6 34.Rd1 Re7 35.Rd6 b3 36.Bd3 Be5
37.Rb6 b2 38.Kf1 Kg7 39.Ke2 Rc7 40.Ke3 Rxc5 41.Rxb7+ Kh6 42.Re7 Bc7 43.e5 Rc3  0-1

[Event "Czech Open GMA"]
[Site "Pardubice CZE"]
[Date "2007.07.20"]
[Round "1"]
[White "Mickevicius,J"]
[Black "Kotronias,V"]
[Result "0-1"]
[WhiteElo "2309"]
[BlackElo "2612"]

1.d4 Nf6 2.c4 g6 3.Nc3 Bg7 4.e4 d6 5.Be2 O-O 6.Nf3 e5 7.dxe5 dxe5 8.Bg5 Qxd1+
9.Rxd1 Na6 10.Nxe5 Nc5 11.Nd3 Ncxe4 12.Nxe4 Nxe4 13.Bf4 Re8 14.Bxc7 Bf5 15.Bf4 Rac8
16.g4 Be6 17.f3 Rxc4 18.Rc1 Rxc1+ 19.Bxc1 Nd6 20.a3 Bc4 21.Kf2 Bd4+ 22.Kf1 Bb5
23.b3 b6 24.a4 Bc6 25.Bf4 Re6 26.Nb4 Bb7 27.Nc2 Bf6 28.Kf2 Ne4+ 29.fxe4 Rxe4
30.Bb8 Re8 31.Bxa7 Bh4+ 32.Kf1 Bxh1 33.Nd4 Bd8 34.h3 Bd5 35.Bb5 Re3 36.b4 Re4
37.Nc6 Bxc6 38.Bxc6 Rxb4 39.Bb8 Rc4 40.Bb5 Rc3 41.Kg2 Bc7  0-1

[Event "Czech Open GMA"]
[Site "Pardubice CZE"]
[Date "2007.07.20"]
[Round "1"]
[White "Cerveny,P"]
[Black "Mista,A"]
[Result "1/2-1/2"]
[WhiteElo "2295"]
[BlackElo "2553"]

1.e4 g6 2.d4 Bg7 3.c4 d6 4.Nc3 Nd7 5.Nf3 e5 6.Be2 Ngf6 7.O-O O-O 8.Re1 exd4
9.Nxd4 Re8 10.Bf1 Nc5 11.f3 Nh5 12.Be3 Be5 13.Qd2 c6 14.Rad1 Qf6 15.g3 Ne6
16.f4 Nhxf4 17.gxf4 Nxf4 18.Bg2 Bg4 19.Rb1 Nxg2 20.Qxg2 Bxd4 21.Qxg4 Bxe3+
22.Rxe3 Qd4 23.Qf4 Qxc4 24.Rf1 Re5 25.Nd5 f5 26.Nf6+ Kg7 27.Rfe1 fxe4 28.Ng4 Rf5
29.Qxe4 Qxe4  1/2-1/2